Detalles MARC
| 000 -LIDER |
| fixed length control field |
01094nam a2200277 a 4500 |
| 001 - NÚMERO DE CONTROL |
| Identificador de número de control |
|
| 003 - IDENTIFICACDOR DE NÚMERO DE CONTROL |
| control field |
OSt |
| 005 - DATE AND TIME OF LATEST TRANSACTION |
| control field |
20220301071411.0 |
| 008 - ELEMENTOS DE LONGITUD FIJA |
| fixed length control field |
110330s1983 dr 000 0 spa d |
| 040 ## - FUENTE DE CATALOGACIÓN |
| Agencia que crea de manera original el registro |
BPMSU |
| Idioma de catalogación |
spa |
| Agencia que realiza la transcripción |
BPMSU |
| 082 ## - NÚMERO DE CLASIFICACIÓN DECIMAL DE DEWEY |
| Classification number |
972.9305 |
| Item number |
R696p |
| 100 ## - ASIENTO PRINCIPAL -- NOMBRE PERSONAL |
| Nombre personal |
Rodríguez Demorizi, Emilio, |
| Fechas asociadas con el nombre |
1908-1986 |
| 245 10 - MENCIÓN DE TITULO |
| Título |
Papeles de Monseñor de Meriño / |
| Mención de responsabilidad |
Emilio Rodríguez Demorizi. |
| 260 ## - PUBLICACIÓN, DISTRIBUCIÓN, ETC. (PIE DE IMPRENTA) |
| Lugar de publicación, distribución, etc |
Santo Domingo : |
| Nombre del editor, distribuidor, etc. |
Comisión Organizadora de la Feria Nacional del Libro |
| Fecha de publicación, distribución, etc |
1983. |
| 300 ## - DESCRIPCIÓN FÍSICA |
| Extensión |
266 p. ; |
| Dimensiones |
23 cm. |
| 500 ## - NOTA GENERAL |
| Nota general |
A la cabeza de la portada Feria Nacional del Libro 1983, homenaje a Mons. Fernando Arturo De Meriño en el 150 aniversario de su nacimiento 1833-1983 |
| 500 ## - NOTA GENERAL |
| Nota general |
Incluye índice. |
| 500 ## - NOTA GENERAL |
| Nota general |
Incluye referencias bibliográficas y notas a pie de las páginas |
| 590 ## - NOTA LOCAL |
| Enlace |
Inventariado, 2021/VM |
| 600 #4 - ENCABEZAMIENTO DE MATERIA--NOMBRE PERSONAL |
| Nombre personal |
Meriño , Fernando Arturo de |
| Fechas asociadas con el nombre |
1833-1906. |
| 651 #4 - ENCABEZAMIENTO DE MATERIA--NOMBRE GEOGRÁFICO |
| Nombre geográfico |
República Dominicana |
| Subdivisión temática general |
Historia |
| Subdivisión cronológica |
1865-1916 |
| 710 2# - ASIENTO SECUNDARIO -- NOMBRE CORPORATIVO |
| Medio (Designación general de material) |
(11 : |
| Lugar de la reunión |
Santo Domingo ) |
| 711 ## - ASIENTO SECUNDARIO -- NOMBRE DE REUNIÓN |
| Nombre de reunión o jurisdicción como elemento de entrada |
Feria Nacional del Libro |
| Número de la parte, sección o reunión |
(11: |
| Fecha de la reunión o acuerdo |
1983 : |
| Lugar de la reunión |
Santo Domingo) |
| 910 ## - VALIDACIÓN |
| Validación |
VMateo |
| 942 ## - ADDED ENTRY ELEMENTS (KOHA) |
| Source of classification or shelving scheme |
Dewey Decimal Classification |
| Koha item type |
Libros |